000 00551cam a22002051 4500
001 sa 68007081
003 DLC
005 20260227112520.0
008 890925s1966 xx 000 0 ben
010 _asa 68007081
035 _a(OCoLC)23536339
040 _aDLC
_cMiU
_dDLC
050 0 0 _aBP104.92
_b.L8
130 0 _aQurʼan.
_kSelections.
_lBengali & Arabic.
245 1 0 _aNūre Koraāna.
260 _c1966
300 _a12, 177 p.
_c19 cm.
500 _aIncludes commentary in Bengali.
700 2 _aLutfur Rahman, Abul Hayat Muhammad,
_d1938-
999 _c81606
_d81606